000 00330 a2200109 4500
001 ART_11229
005 20260410161855.0
008 260409a
245 1 0 _aArgentina en el contexto económico internacional
100 1 _aFrediani, Ramón O.
773 0 _tRevista de Economía
_g- Nº 40 (mar. 1984)
_wREV11077
999 _c25391
_d25391